[Event "Goodricke op 12th"]
[Site "Kolkata"]
[Date "2001.02.08"]
[Round "3"]
[White "Reinderman, Dimitri"]
[Black "Harikrishna, Pentala"]
[Result "0-1"]
[WhiteElo "2539"]
[BlackElo "2514"]
[Annotator "Rogozenco,D"]
[PlyCount "98"]
[EventDate "2001.02.06"]
[EventType "swiss"]
[EventRounds "11"]
[EventCountry "IND"]
[SourceTitle "CBM 082"]
[Source "ChessBase"]
[SourceDate "2001.05.17"]
[SourceVersion "1"]
[SourceVersionDate "2001.05.17"]
[SourceQuality "1"]

1. e4 c5 2. Nf3 Nc6 3. d4 cxd4 4. Nxd4 Nf6 5. Nc3 e5 6. Ndb5 d6 7. Bg5 a6 8.
Na3 b5 9. Bxf6 gxf6 10. Nd5 f5 11. Bd3 Be6 12. Qh5 Rg8 13. c3 Rxg2 14. Qf3 Rg5
$5 {Although this move was played once before, at the high level it is a
novelty. It was considered that move 14. ... Rg4 is more or less forced.} (
14... Rg4 15. exf5 Bxd5 16. Qxd5 Ne7 17. Qb7 Bh6 18. f6 Ng8 (18... Ng6 $6 19.
Rd1 Nh4 20. Be2 Rg6 21. Qc6+ Kf8 22. Rxd6 Qe8 23. Qxe8+ Kxe8 24. Bd3 Rg4 25.
Rxa6 Rd8 26. Ke2 Ng2 27. Bxb5+ Kf8 28. Rd1 e4 29. Rxd8# {1-0 Van der Wiel,
J-Reinderman,D/Brussels 1993}) 19. Qc6+ Kf8 20. Rd1 Rf4 21. Bxh7 Rxf6 22. Bxg8
Kxg8 23. Rg1+ Kf8 24. Rg3 $11 {/+/=. 1-0 Nijboer,F-Reinderman,D/Wijk aan Zee
2000 (53)}) 15. exf5 (15. h4 Rg4 {and the inclusion of h4 is in Black's favour,
if comparing with the lines after 14. ... Rg4.}) 15... Bxd5 16. Qxd5 Ne7 17.
Qb7 {After this Black is probably okay. The evaluation of 14. ... Rg5 depends
mostly on the position after 17.Qf3.} (17. Qf3 $142 Bh6 $6 (17... d5 $13 18.
Nxb5 $140 $2 Qb8 $17) 18. h4 Rg8 19. f6 Ng6 20. h5 Nf4 21. Bxh7 Rg2 22. Rd1 Rc8
23. Qb7 Rc7 24. Qb6 Rd7 25. Qxd8+ Rxd8 26. Be4 Rg5 27. Bb7 e4 28. Bxa6 Kd7 29.
Bxb5+ Ke6 30. Nc4 $4 (30. Nc2 $1 $18) 30... Rxb5 $19 {0-1 Stark,I-Dimitrijeski,
B/Spree 1997 (52)}) 17... Qc8 $1 18. Qf3 (18. Qxc8+ Rxc8 19. f6 Ng6 $15 {
[%cal Rd6d5]} 20. Nc2 e4 $5 $36) 18... d5 {Probably Dimitri Reinderman, who
played this variation before, considered 18. ... d5 not possible, otherwise it
cannot be explained why he included the moves Qb7 Qc8. On c8 black Queen is
more active than on d8.} (18... Qc6 19. Qxc6+ Nxc6 20. Be4 Rc8 21. Nc2 $14) 19.
f6 (19. Nxb5 Qb8 $1 $17 (19... axb5 $2 20. Bxb5+ Kd8 21. f6 $16) 20. f6 e4 21.
Qe3 Re5) 19... Ng6 20. Bxg6 hxg6 21. Nc2 {White cannot take on d5, so he must
go for a clear inferiour position instead.} (21. Qxd5 $2 Bxa3 $19) 21... e4 22.
Qe3 Rh5 $17 23. a4 $6 Bc5 24. Qe2 Rf5 25. Rf1 bxa4 26. f3 (26. Rxa4 Rxf6 $17 {
/-+.}) 26... a3 27. O-O-O (27. Nxa3 Rxf6 28. fxe4 Re6 29. e5 Qc7 $19) 27...
axb2+ 28. Kb1 e3 $19 29. Rd3 Qe6 30. Nxe3 Kf8 31. Qd2 Bxe3 32. Rxe3 Qxf6 33.
Rd3 Re8 34. Rf2 Rfe5 35. Rd4 Re1+ 36. Kxb2 Qb6+ 37. Rb4 Qa5 38. Kc2 Qa2+ 39.
Kd3 Rd1 40. Qxd1 Qxf2 41. Qd2 Qxf3+ 42. Kd4 Qf6+ 43. Kd3 Qf5+ 44. Kd4 Re4+ 45.
Kc5 Qc8+ 46. Kb6 Qb8+ 47. Kxa6 Re6+ 48. Ka5 Qa8+ 49. Kb5 Qc6+ 0-1

[Event "Petrov Memorial op"]
[Site "St Petersburg"]
[Date "2000.02.14"]
[Round "7"]
[White "Bezgodov, Alexei"]
[Black "Varavin, Viktor"]
[Result "1-0"]
[WhiteElo "2576"]
[BlackElo "2410"]
[Annotator "Rogozenco,D"]
[PlyCount "81"]
[EventDate "2000.02.05"]
[EventType "swiss"]
[EventRounds "9"]
[EventCountry "RUS"]
[SourceTitle "CBM 076"]
[Source "ChessBase"]
[SourceDate "2000.05.31"]
[SourceVersion "1"]
[SourceVersionDate "2000.05.31"]
[SourceQuality "1"]

1. e4 c5 2. Nf3 e6 3. d4 cxd4 4. Nxd4 Nc6 5. Nc3 Nf6 6. Ndb5 d6 7. Bf4 e5 8.
Bg5 a6 9. Na3 b5 10. Bxf6 gxf6 11. Nd5 Bg7 12. Bd3 Ne7 13. Nxe7 Qxe7 14. c4 f5
15. O-O O-O 16. Qf3 Ra7 $2 (16... bxc4) (16... Re8) 17. exf5 bxc4 18. Nxc4 d5 (
18... Bb7 19. Be4 d5 20. Bxd5 e4 21. f6 Bxf6 (21... Qxf6 22. Qxe4 Bxd5 23. Qxd5
$18) (21... exf3 22. fxe7 Re8 23. Bxb7 Rxb7 24. Nd6 $18) 22. Qg4+ Kh8 23. Rad1
$18) 19. Qxd5 Rd7 20. Qe4 {Thanks to the possibility f5-f6 White has nothing
to fear. His material advantage is enough for win.} Rfd8 (20... Rd4 21. f6 $18)
21. f6 Qxf6 22. Qxh7+ Kf8 23. Be4 $18 Rd4 24. Ne3 Qg5 25. Rac1 Qf4 26. Bd5 e4
27. Rxc8 (27. Rfd1 {wins as well, of course.}) 27... Rxc8 28. Nf5 Qe5 29. Bxf7
$1 Kxf7 30. Nxd4 Rc5 (30... Qxd4 31. Qf5+ {[%csl Rc8,Rf7]}) 31. Ne2 Rc2 32. Ng3
Rxb2 33. Nxe4 Rxa2 34. h4 Re2 35. Ng5+ Ke7 36. Nf3 Qf6 37. Rb1 Kf8 38. Qd3 Re8
39. Ng5 Kg8 40. g3 Rc8 41. Re1 1-0

[Event "POL-ch 59th"]
[Site "Warsaw"]
[Date "2002.05.07"]
[Round "8"]
[White "Bobras, Piotr"]
[Black "Cyborowski, Lukasz"]
[Result "1-0"]
[WhiteElo "2435"]
[BlackElo "2510"]
[Annotator "Rogozenco,D"]
[PlyCount "67"]
[EventDate "2002.04.29"]
[EventType "tourn"]
[EventRounds "13"]
[EventCountry "POL"]
[EventCategory "10"]
[SourceTitle "CBM 089"]
[Source "ChessBase"]
[SourceDate "2002.08.12"]
[SourceVersion "1"]
[SourceVersionDate "2002.08.12"]
[SourceQuality "1"]

1. e4 c5 2. Nf3 Nc6 3. Nc3 Nf6 4. d4 cxd4 5. Nxd4 e5 6. Ndb5 d6 7. Bg5 a6 8.
Na3 b5 9. Bxf6 gxf6 10. Nd5 Bg7 11. Bd3 Ne7 12. Nxe7 Qxe7 13. O-O O-O 14. c3 f5
15. Nc2 Rb8 {After Kasparov's recent win in a rapid game versus Judith Polgat,
the alternative 15. ... f4 might become more popular than the text in the near
future.} (15... f4 16. a4 bxa4 17. Rxa4 Qg5 18. f3 Bf6 19. Bc4 Kh8 20. Rf2 Be7
21. Nb4 d5 $1 22. Bxd5 Bc5 $40 {0-1 Polgar,J-Kasparov,G/Prague 2002 (45)}) 16.
exf5 e4 17. Re1 Bxf5 18. Ne3 (18. Nb4 a5 (18... Rbe8 $5 {Lautier's move needs
more practical tests.}) 19. Nd5 (19. Nc6 $2 Qb7 20. Nxb8 exd3 {and the knight
is trapped on b8.}) 19... Qe5 20. Bc2 Bg6 {and we reach the game position as
in the game, if instead of 20. ... f5 Black plays 20. ... a5.}) (18. Nd4 Bxd4
19. cxd4 $14 {/=.}) 18... Bg6 19. Nd5 Qe5 20. Bc2 {A tricky position. White is
slightly better thanks to the control over d-file and especially over square
d5. Black has good chances to equalize though, but he needs to play precisely.
His plan is usually connected with the advance b5-b4. Also he must avoid
trading minor pieces (unless he achieves other advantages in return). Another
important thing for Black is to keep the queen closer to the center, from
where she can both protect the weaknesses and be active.} f5 {This is already
a slight innacuracy. Back in 1988 Dolmatov showed that once white knight comes
to e6, Black starts to feel uncomfortable.} (20... a5 21. f4 Qe8 22. Qd2 Kh8
23. a4 bxa4 24. Bxa4 Qc8 25. Kh1 Qb7 26. b3 f5 27. Rac1 Bf7 28. c4 Bxd5 29.
cxd5 Qb4 $11 {1/2-1/2 Palac,M-Ochoa de Echaguen,F/FRA 1998 (35)}) (20... Kh8 $5
) 21. f4 Qe8 22. Bb3 {One way or another the knight comes to e6. After that
White trades it for the bishop, which leads to an unpleasant position for
Black, where he must patiently fight for a draw.} (22. Nc7 Qc6 (22... Qe7 23.
Bb3+ Bf7 24. Bxf7+ Rxf7 25. Nd5 Qa7+ 26. Kh1 a5 27. a3 Rc8 28. Qd2 Qb7 29. Rad1
$14 {1/2-1/2 Rodriguez,A-Guimaraes,J/Aceimar 1995 (73)}) 23. Ne6 Rfe8 24. Bb3
Kh8 25. Nxg7 {The position is similar to the one from the main game, only that
there black rook was better placed on c8 instead of e8 (for the advance b5-b4).
} (25. Qd2 $142 $14 {Dolmatov}) 25... Qc5+ 26. Kf1 Kxg7 27. h4 Rb7 28. Qd5 Qxd5
29. Bxd5 Rb6 30. Kf2 Bf7 (30... Bh5 $1 {Dolmatov}) 31. Rad1 $14 {1-0 Dolmatov,
S-Simic,R/Beograd 1988 (49)}) 22... Kh8 23. Nc7 Qc6 24. Ne6 Rfc8 25. Nxg7 (25.
Qd2 Qb6+ 26. Qf2 Qxf2+ 27. Kxf2 b4 $11) 25... Qc5+ {A typical zwischenzug.} (
25... Kxg7 $2 26. Qd4+) 26. Kh1 Kxg7 27. a3 (27. Qd2 Rf8 28. Rad1 Rf6 29. Qe2
a5 30. Bd5 Bf7 31. Bxf7 Kxf7 32. Rd4 {1/2-1/2 Solana Suarez,E-Ochoa de
Echaguen,F/ESP 1993. White is slightly better and could have played on without
major risks.}) 27... a5 28. Qd2 b4 $2 {A serious mistake. White creates a
passed pawn after it, which means that Black will have problems on queenside
as well (his kingside and center are already weak).} (28... Rf8 29. Rad1 Rf6
$14) 29. cxb4 axb4 30. a4 $16 Bf7 $2 {Decisively weakens the king.} (30... Ra8
$16 31. Red1 Bh5 {The position is difficult, but Black can try to hold on for
a while.}) 31. Bxf7 Kxf7 32. Rec1 e3 {Several bad mistakes in row, although
the position is very difficult already. The last move loses material.} (32...
Qb6 33. Qd5+ Kf6 34. a5 Qa6 35. g4 {is hopeless as well.}) 33. Qd1 e2 34. Qb3+
1-0

[Event "ESP-chT Honor Gp1"]
[Site "Lugo"]
[Date "2007.06.22"]
[Round "3"]
[White "Czarnota, Pawel"]
[Black "Felgaer, Ruben Alejandro"]
[Result "1-0"]
[WhiteElo "2562"]
[BlackElo "2574"]
[Annotator "Rogozenco,D"]
[PlyCount "77"]
[EventDate "2007.06.20"]
[EventType "team"]
[EventRounds "5"]
[EventCountry "ESP"]
[SourceTitle "CBM 119"]
[Source "ChessBase"]
[SourceDate "2007.08.01"]
[SourceVersion "1"]
[SourceVersionDate "2007.08.01"]
[SourceQuality "1"]

1. e4 c5 2. Nf3 Nc6 3. d4 cxd4 4. Nxd4 Nf6 5. Nc3 e5 6. Ndb5 d6 7. Bg5 a6 8.
Na3 b5 9. Bxf6 gxf6 10. Nd5 f5 11. Bd3 Be6 12. O-O Bxd5 13. exd5 Ne7 14. Re1
Bg7 15. Rb1 {More popular is 15.c3. With 15.Rb1 White protects the b2-pawn and
plans a queenside play with c2-c4.  In this variation Black often sacrifices a
pawn on the queenside in order to create an attack against the white king.} e4
16. Bf1 O-O 17. c4 Ng6 18. cxb5 axb5 19. Bxb5 Bxb2 $5 $146 {An important
novelty. Instead of playing for compensation, Black restores material equality.
The drawback of winning back the pawn is obvious: White gains time to bring
his knight into play and advance the a-pawn. On the other hand a pawn is a
pawn and taking on b2 is very natural. 19...Bxb2 has been recommended before,
but needed some practical games for a more clear evaluation.} (19... Qg5 20.
Re3 (20. Qc1 Qxc1 21. Rexc1 Bxb2 22. Rxb2 Rxa3 23. Rcc2 Ne5 24. Be2 Rfa8 25.
Kf1 R8a5 $15 {0-1 Kalashnikov,K (2384)-Oleksienko,M (2541)/Moscow RUS 2007 (34)
}) 20... Nh4 21. Rg3 Qh6 22. Rh3 Kh8 23. Bf1 f4 24. Nb5 Rad8 25. Nd4 Qg5 26. g3
fxg3 27. hxg3 Qxd5 28. Rxh4 {1/2-1/2 Asrian,K (2611)-Volokitin,A (2671)/
Ermioni Argolidas 2005}) (19... Kh8 20. Bc6 Ra7 21. Nc4 Nf4 22. a4 Qg5 23. g3
Qg6 24. Qd2 Nd3 25. Re3 f4 26. Rxd3 exd3 27. Re1 Bh6 28. Qc3+ f6 29. Qd4 Rg7
30. a5 f3 31. Ba4 Qh5 32. Qxd3 f5 33. Nxd6 f4 34. Be8 Qg4 35. Re4 Rc7 {White
has played well and in in spite of Black's efforts to create an attack, White
has succeeded in achieving a large advantage. But now he blunders:} 36. Rc4 $4
(36. Bc6 $16) 36... Qh3 37. Qxf3 Rxc4 38. Nxc4 Rxe8 {0-1 Czarnota,P (2529)
-Moiseenko,A (2662)/Turin 2006}) 20. Nc4 $1 {The only way to fight for the
advantage. White should avoid for the moment exchanging his knight for the
bishop.} (20. Rxb2 Rxa3 $11) 20... Be5 (20... Ba3 $5 21. Bc6 Ra7 22. Rb3 Bc5
$13) 21. a4 {White has a strong passed pawn on the a-file, which can quickly
advance to a6. Black must find the optimal attacking plan on the kingside,
otherwise his chances will be worse. He needs to be flexible too and be ready
to fight against White's intentions as well. For instance with the white
bishop will be on c6 Black can consider ...Ne7, trying to create some play in
the center as well.} Kh8 (21... Qg5 {threatening ...Nh4 is another plan.} 22.
g3 Nh4) ({Also worth attention is} 21... Qf6 {with the idea to transfer the
bishop to c5 at some moment. Then} 22. Nb6 Ra7 23. Nd7 {leads to approximate
equality:} Qg5 24. Nxf8 Nh4 25. g3 Nf3+ 26. Kg2 (26. Kh1 Qh5 27. h4 Qg4 $40)
26... Nxe1+ 27. Qxe1 Kxf8 28. a5 Bd4 $14 {/=}) 22. g3 Rg8 23. Bc6 Ra7 24. Rb3 {
This move takes control over the important third rank (and first of all the
square c3) and in the future it will be easier for White to double rooks on
the b-file. Black played logically so far, but now comes a strange mistake.} (
24. Qh5 {brings nothing:} Qf6 {[%cal Gg6f4]} 25. Qh6 Bf4 26. Qh3 (26. gxf4 $2
Nxf4+ {[%cal Gf6h6]}) 26... Ne7 {with the intention ...Nxc6 and ...d5. The
queen is rather out of play on h3.}) 24... Bf6 $2 {This just cannot be good.
Apart from the fact that its idea remains a mystery (in an internet game I
would have thought of a mouse-slip), 24...Bf6 allows White to activate the
queen and win more time for bringing his other rook to the queenside.} ({
Transferring the knight to d3} 24... Nf4 25. Kh1 Nd3 {always allows White} 26.
Rxd3 $1 exd3 27. Qxd3 {with an excellent compensation for the exchange.}) ({
Bringing the queen to the kingside} 24... Qf6 {seems necessary. Again Black
will have ...Bd4 as an additional option. Ideas ...Nf4-d3, or ...Nh4-f3 are
kept as later possibilities, eventually when white queen won't protect squares
d3 or f3 anymore.} {Few possible variations are:} 25. Kh1 (25. a5 Bc3 26. Rf1
$1 (26. Re2 $2 Bxa5 27. Ra2 Bb6 $17) 26... Nh4 $5 (26... Bxa5 $2 27. Qa1 $1
Qxa1 28. Rxa1 Bb6 29. Rxa7 Bxa7 30. Nxd6 $16) 27. Nxd6 (27. Kh1 Nf3 $132) 27...
Nf3+ 28. Kg2 Qxd6 (28... Qh6 $5) 29. Rxc3 Rxa5 30. Rxf3 exf3+ 31. Qxf3 Rc5 $11)
25... Ne7 {(indirectly attacking the a4-pawn). Then} 26. a5 Bd4 27. Qd2 (27.
Nxd6 $2 Nxc6 $19) 27... Rc7 28. Rd1 Bc5 29. Bb7 Ng6 30. a6 f4 $132) 25. Qh5 $1
Ne7 26. Reb1 $16 {/+- The result of the mistake on the 24th move is disastrous
for Black: instead of creating attack on the kingside, he has only weaknesses
there, requiring protection due to the active queen on h5. On the queenside
White is dominating too.} Bd4 (26... Nxc6 27. dxc6 d5 28. Rb7 Rxb7 29. cxb7 $18
) 27. Rb8 $1 (27. Qxf7 $2 Nxc6 $19) 27... Qxb8 28. Rxb8 Rxb8 29. Nxd6 $18 {
[%csl Rf5,Rf7,Rh8] The rest is easy for White: with the queen and knight
against the lonely king he has a winning attack.} Rb1+ (29... Nxc6 30. dxc6 $18
) 30. Kg2 Rb2 31. Nxf7+ Kg7 32. Ng5 Rxf2+ 33. Kh3 Nxc6 34. dxc6 Re7 35. c7 Rc2
(35... Rxc7 36. Ne6+ $18) 36. Qxh7+ Kf6 37. Qh6+ Ke5 38. Qh8+ Kd6 39. Qd8+ (39.
Qd8+ Rd7 40. c8=Q $18) 1-0

[Event "EU-chT (Men) 12th"]
[Site "Batumi"]
[Date "1999.12.05"]
[Round "7.4"]
[White "Solak, Dragan"]
[Black "Nataf, Igor Alexandre"]
[Result "1/2-1/2"]
[WhiteElo "2457"]
[BlackElo "2504"]
[Annotator "Rogozenco,D"]
[PlyCount "65"]
[EventDate "1999.11.06"]
[EventType "team-swiss"]
[EventRounds "9"]
[EventCountry "GEO"]
[SourceTitle "CBM 074"]
[Source "ChessBase"]
[SourceDate "2000.02.01"]
[SourceVersion "1"]
[SourceVersionDate "2000.02.01"]
[SourceQuality "1"]
[WhiteTeam "Yugoslavia"]
[BlackTeam "France"]
[WhiteTeamCountry "YUG"]
[BlackTeamCountry "FRA"]

1. e4 c5 2. Nf3 Nc6 3. d4 cxd4 4. Nxd4 e5 5. Nb5 d6 6. N1c3 a6 7. Na3 b5 8. Nd5
Nf6 9. Bg5 Be7 10. Bxf6 Bxf6 11. c3 Ne7 {Fashionable line nowadays, first of
all thanks to M. Krasenkow.} 12. Nc2 (12. Nxf6+ gxf6 13. Nc2 Bb7 {is
considered to be the main attempt to play for an opening advantage.}) 12...
Nxd5 13. Qxd5 Rb8 {M.Krasenkow himself considers this position to be equal.} (
13... Be6) 14. Nb4 Bb7 15. Qd3 O-O 16. Be2 Bg5 (16... Qd7 $5 17. O-O Bd8 18.
Rfd1 Bb6 19. Qxd6 Qxd6 20. Rxd6 Bc5 21. Rd7 f5 $44 {0-1 Dutreeuw,M-Gershon,A/
Antwerp BEL 1999 (83)}) 17. Rd1 a5 18. Nd5 Bc6 19. O-O g6 {As usual in such
positions White has a very slight edge thanks to the strong Knight on d5. But
with careful play Black has no real problems to hold.} 20. a3 Kh8 21. g3 Bh6
22. b4 (22. f4 exf4 (22... f5 $2 23. fxe5 dxe5 24. exf5 gxf5 25. Rxf5 $16) 23.
gxf4 f5 {and the opening of the position should favor Black.}) 22... f5 23. c4
{Interesting, this leads almost forced to a draw.} axb4 24. axb4 bxc4 25. Qxc4
Bxd5 26. Rxd5 (26. exd5 $2 Qb6 $17) 26... Qb6 27. b5 fxe4 28. Qxe4 Rxf2 $5 (
28... Rf6 29. Kg2 Rbf8 30. f3 Be3 31. Ra1 Bd4 32. Ra6 Qc7 33. Rc6 Qb8 $11) 29.
Rxf2 Rf8 30. Rd4 (30. Bf3 $2 Be3 31. Kg2 Bxf2 $17) 30... Qxd4 31. Qxd4 exd4 32.
Rxf8+ Bxf8 33. b6 (33. b6 d5 34. b7 Bd6 $11) 1/2-1/2